Konsekwencje zjednoczenia dla vspólpracy gospodarczej.

Výber z práce doc. dr. Zb. Chrupku a kol. "Poľsko a hospodárstvo zjednoteného Nemecka" o problémoch zjednotenia a o hospodárskej spolupráci s oblasťou NDR v budúcnosti. Prognóza následkov zjednotenia NSR a NDR. Pokračovanie v spolupráci s oblasťou bývalej NDR.

Salvato in:
Dettagli Bibliografici
Natura: Capitolo di libro
Lingua:polacco
Soggetti:
Tags: Aggiungi Tag
Nessun Tag, puoi essere il primo ad aggiungerne!!

MARC

LEADER 00000naa a2200000 4500
001 r002467
005 20220819191958.3
041 0 |a pol 
044 |a PL 
245 1 0 |a Konsekwencje zjednoczenia dla vspólpracy gospodarczej. 
520 |a Výber z práce doc. dr. Zb. Chrupku a kol. "Poľsko a hospodárstvo zjednoteného Nemecka" o problémoch zjednotenia a o hospodárskej spolupráci s oblasťou NDR v budúcnosti. Prognóza následkov zjednotenia NSR a NDR. Pokračovanie v spolupráci s oblasťou bývalej NDR. 
610 2 0 |a spolupráca hospodárska medzinárodná 
610 2 0 |a PR 
610 2 0 |a Nemecko 
610 2 0 |a prognózy hospodárske